000 00856nam a2200277 a 4500
001 60978
003 BD-RjUL
005 20211209080917.0
008 170105s1984 ilua 001 0 eng d
020 _a0870945122
035 _a(BD-RjUL)61102
040 _aDLC
_cDLC
_dDLC
_beng
041 _aeng
082 0 0 _a650.285
_223
_bWOM 1984
100 1 _aWoodwell, Donald R.
_9181844
245 1 0 _aManaging personal computer workstations :
_ba corporate resource /
_cDonald R. Woodwell.
260 _aHomewood, Ill. :
_bDow Jones-Irwin,
_cc1984.
300 _axiii, 208 p. :
_bill. ;
_c24 cm.
500 _aIncludes index.
650 0 _aBusiness
_xData processing.
_9181826
650 0 _aMicrocomputers.
_9181828
650 0 _aComputer networks.
_9180143
650 0 _aMicrocomputer workstations.
_9181845
942 _2ddc
_cBK
999 _c60978
_d60978